Normal view
MARC view
- تاليف عقيلي، عمر وصفي ، م مشارك منعم زمزير الموسوي، م.مشارك قحطان العبدلي
Entry Personal Name
001 - CONTROL NUMBER
- control field: 62219
003 - CONTROL NUMBER IDENTIFIER
- control field: JO-AjAnu
005 - DATE AND TIME OF LATEST TRANSACTION
- control field: 20230606084149.0
008 - FIXED-LENGTH DATA ELEMENTS
- fixed length control field: 230606|| aca||aabn | a|a d
040 ## - CATALOGING SOURCE
- Original cataloging agency: JO-AjAnu
- Transcribing agency: JO-AjAnu
100 ## - HEADING--PERSONAL NAME
- Personal name: تاليف عقيلي، عمر وصفي ، م مشارك منعم زمزير الموسوي، م.مشارك قحطان العبدلي
670 ## - SOURCE DATA FOUND
- Source citation: Work cat.: (JO-AjAnu)31732: تاليف عقيلي، عمر وصفي ، م مشارك منعم زمزير الموسوي، م.مشارك قحطان العبدلي , author, ادارة المواد: الشراء والتخزين من منظور كمي